| 000 | 01203nam a2200217 a 4500 | ||
|---|---|---|---|
| 005 | 20200104041615.0 | ||
| 008 | 140130b2007 ck ||||| |||| 00| 0 spa d | ||
| 040 |
_aCO-BoIAVH _cCO-BoIAVH |
||
| 041 | _aspa | ||
| 044 | _ack | ||
| 082 |
_a333.783 I35r2 _bI35r2 |
||
| 245 | 0 | 0 |
_aParque Nacional Natural Los nevados: _bresúmen ejecutivo. Plan de manejo 2005-2009/ |
| 260 |
_aBogotá: _bParque Nacionales Naturales, _bIAVH, _c2007. |
||
| 300 | _a52 p. | ||
| 505 | _aContenido CD: Plan de Manejo Documento Ejecutivo SFF Otún Quimbaya -- Plan de Manejo Documento Ejecutivo SFF El Cocuy -- Plan de Manejo Documento Ejecutivo PNN Pisba -- Plan de Manejo Documento Ejecutivo Tamá -- Plan de Manejo Documento Ejecutivo Iguaque -- Plan de Manejo Documento Ejecutivo Nevados -- Plan de Manejo Otún Quimbaya 2006 -- Plan de Manejo Iguaque 2006 -- Plan de Manejo El Cocuy 2006 -- Plan de Manejo PNN Pisba -- Plan de Manejo Tamá -- Plan de Manejo PNN Nevados -- Informe final ONF Andina para GEF Andes | ||
| 650 | _aParques Nacionales Naturales | ||
| 650 | _aPlanes de manejo | ||
| 650 | _aAreas protegidas | ||
| 650 | _aPlanes de ordenamiento territorial | ||
| 942 |
_cLIBRO _2z |
||
| 999 |
_c7177 _d7177 |
||